000 00316nam a22001457a 4500
008 210430b ||||| |||| 00| 0 eng d
020 _a9781405102605
041 _aeng
080 _a72
082 _a72
100 _a41
101 _aARK
245 _aArchitectural Theory
_cHarry F. Mallgrave
942 _2udc
_cBK
999 _c57056
_d57056